Misterios de las piramides (Record no. 28063)

MARC details
000 -LEADER
fixed length control field 00537nam a22002057a 4500
001 - CONTROL NUMBER
control field sjds
003 - CONTROL NUMBER IDENTIFIER
control field sjds
005 - DATE AND TIME OF LATEST TRANSACTION
control field 20250227204315.0
008 - FIXED-LENGTH DATA ELEMENTS--GENERAL INFORMATION
fixed length control field 230216b |||||||| |||| 00| 0 spa d
020 ## - INTERNATIONAL STANDARD BOOK NUMBER
International Standard Book Number 9788434856905
040 ## - CATALOGING SOURCE
Transcribing agency sjds
041 ## - LANGUAGE CODE
Language code of text/sound track or separate title spa
100 ## - MAIN ENTRY--PERSONAL NAME
Personal name Millard, Anne
245 ## - TITLE STATEMENT
Title Misterios de las piramides
Statement of responsibility, etc. Anne Millard, Francis Phillipps
260 ## - PUBLICATION, DISTRIBUTION, ETC. (IMPRINT)
Place of publication, distribution, etc. Madrid :
Name of publisher, distributor, etc. Ediciones SM,
Date of publication, distribution, etc. c1997
300 ## - PHYSICAL DESCRIPTION
Extent 40 pages :
Other physical details color illustrations, color map.
440 ## - SERIES STATEMENT/ADDED ENTRY--TITLE
Title SM saber
700 1# - ADDED ENTRY--PERSONAL NAME
Personal name Phillipps, Franciss
942 ## - ADDED ENTRY ELEMENTS (KOHA)
Koha item type Libro/Book
Holdings
Withdrawn status Lost status Damaged status Not for loan Home library Current library Date acquired Inventory number Total Checkouts Full call number Barcode Date last seen Date checked out Price effective from Koha item type Checked out
        San Juan Del Sur -- Mobile Collado 16/02/2023 Inventory date: 10-2-25 6 JN 33017139 10/03/2026 10/03/2026 16/02/2023 Libro/Book 14/04/2026
        San Juan Del Sur -- Mobile El Baston 23/10/2024 Inventory date: 27-2-25 2 JI 30029578 31/03/2026 31/03/2026 23/10/2024 Libro/Book 05/05/2026
        San Juan Del Sur -- Mobile El Baston 27/02/2025 Inventory date: 27-2-25 1 JN 30029577 31/03/2026 31/03/2026 27/02/2025 Libro/Book 05/05/2026
        San Juan Del Sur -- Mobile San Juan Del Sur -- Mobile 16/02/2023 Inventory date: 10-2-25 3 JN 33017151 25/11/2024 16/05/2024 16/02/2023 Libro/Book  

Powered by Koha